<?xml version="1.0" encoding="UTF-8"?>
<record
    xmlns:xsi="http://www.w3.org/2001/XMLSchema-instance"
    xsi:schemaLocation="http://www.loc.gov/MARC21/slim http://www.loc.gov/standards/marcxml/schema/MARC21slim.xsd"
    xmlns="http://www.loc.gov/MARC21/slim">

  <leader>01582nem0a2200325   4500</leader>
  <controlfield tag="001">RU\NLR\BIBL_A\022690619</controlfield>
  <controlfield tag="005">20260129122010.0</controlfield>
  <datafield tag="010" ind1=" " ind2=" ">
    <subfield code="a">978-5-98008-184-3</subfield>
    <subfield code="9">500</subfield>
  </datafield>
  <datafield tag="035" ind1=" " ind2=" ">
    <subfield code="a">(NLR Aleph) 022690619</subfield>
  </datafield>
  <datafield tag="090" ind1=" " ind2=" ">
    <subfield code="a">13533528</subfield>
    <subfield code="c">13533528</subfield>
  </datafield>
  <datafield tag="100" ind1=" " ind2=" ">
    <subfield code="a">20251218d2024    m  y0rusy50      ca</subfield>
  </datafield>
  <datafield tag="101" ind1="0" ind2=" ">
    <subfield code="a">rus</subfield>
  </datafield>
  <datafield tag="102" ind1=" " ind2=" ">
    <subfield code="a">RU</subfield>
  </datafield>
  <datafield tag="120" ind1=" " ind2=" ">
    <subfield code="a">bya    xx||  </subfield>
  </datafield>
  <datafield tag="123" ind1="1" ind2=" ">
    <subfield code="a">a</subfield>
    <subfield code="b">10500</subfield>
  </datafield>
  <datafield tag="200" ind1="1" ind2=" ">
    <subfield code="a">&#x42E;&#x436;&#x43D;&#x43E;-&#x421;&#x430;&#x445;&#x430;&#x43B;&#x438;&#x43D;&#x441;&#x43A;</subfield>
    <subfield code="b">&#x41A;&#x430;&#x440;&#x442;&#x44B;</subfield>
    <subfield code="e">&#x41A;&#x430;&#x440;&#x442;&#x430; &#x446;&#x435;&#x43D;&#x442;&#x440;&#x430;&#x43B;&#x44C;&#x43D;&#x43E;&#x439; &#x447;&#x430;&#x441;&#x442;&#x438; &#x433;&#x43E;&#x440;&#x43E;&#x434;&#x430;</subfield>
    <subfield code="f">&#x421;&#x43E;&#x441;&#x442;. &#x438; &#x43F;&#x43E;&#x434;&#x433;&#x43E;&#x442;. &#x43A; &#x438;&#x437;&#x434;. &#x444;&#x438;&#x43B;. "&#x414;&#x430;&#x43B;&#x44C;&#x43D;&#x435;&#x432;&#x43E;&#x441;&#x442;&#x43E;&#x447;&#x43D;&#x43E;&#x435; &#x410;&#x413;&#x41F;" &#x410;&#x41E; "&#x420;&#x43E;&#x441;&#x43A;&#x430;&#x440;&#x442;&#x43E;&#x433;&#x440;&#x430;&#x444;&#x438;&#x44F;" &#x432; 2023</subfield>
    <subfield code="g">&#x420;&#x435;&#x434;.: &#x41E;.&#x410;. &#x41A;&#x43E;&#x441;&#x438;&#x43D;&#x43E;&#x432;</subfield>
  </datafield>
  <datafield tag="206" ind1=" " ind2=" ">
    <subfield code="a">1:10 500, 105 &#x43C; &#x432; 1 &#x441;&#x43C;</subfield>
  </datafield>
  <datafield tag="210" ind1=" " ind2=" ">
    <subfield code="a">&#x425;&#x430;&#x431;&#x430;&#x440;&#x43E;&#x432;&#x441;&#x43A;</subfield>
    <subfield code="c">"&#x420;&#x43E;&#x441;&#x43A;&#x430;&#x440;&#x442;&#x43E;&#x433;&#x440;&#x430;&#x444;&#x438;&#x44F;" &#x414;&#x430;&#x43B;&#x44C;&#x43D;&#x435;&#x432;&#x43E;&#x441;&#x442;&#x43E;&#x447;&#x43D;&#x43E;&#x435; &#x410;&#x413;&#x41F;</subfield>
    <subfield code="d">2024</subfield>
  </datafield>
  <datafield tag="215" ind1=" " ind2=" ">
    <subfield code="a">1 &#x43A;.</subfield>
    <subfield code="c">&#x446;&#x432;., &#x442;&#x435;&#x43A;&#x441;&#x442;, &#x438;&#x43B;.</subfield>
    <subfield code="d">40&#x445;60 &#x441;&#x43C;, &#x441;&#x43B;&#x43E;&#x436;. 20&#x445;11 &#x441;&#x43C;</subfield>
  </datafield>
  <datafield tag="327" ind1="1" ind2=" ">
    <subfield code="a">&#x414;&#x43E;&#x43F;. &#x43A;&#x430;&#x440;&#x442;&#x430;: &#x421;&#x430;&#x445;&#x430;&#x43B;&#x438;&#x43D;&#x441;&#x43A;&#x430;&#x44F; &#x43E;&#x431;&#x43B;&#x430;&#x441;&#x442;&#x44C;.-1:3 000 000</subfield>
  </datafield>
  <datafield tag="509" ind1="0" ind2="1">
    <subfield code="7">ca</subfield>
    <subfield code="a">&#x42E;&#x436;&#x43D;&#x43E;-&#x421;&#x430;&#x445;&#x430;&#x43B;&#x438;&#x43D;&#x441;&#x43A;,</subfield>
    <subfield code="h">&#x433;&#x43E;&#x440;&#x43E;&#x434;</subfield>
    <subfield code="9">2633561</subfield>
    <subfield code="3">RU\NLR\auth_crt\55385</subfield>
  </datafield>
  <datafield tag="509" ind1="0" ind2="1">
    <subfield code="7">ca</subfield>
    <subfield code="a">&#x421;&#x430;&#x445;&#x430;&#x43B;&#x438;&#x43D;&#x441;&#x43A;&#x430;&#x44F; &#x43E;&#x431;&#x43B;&#x430;&#x441;&#x442;&#x44C;</subfield>
    <subfield code="9">2633778</subfield>
    <subfield code="3">RU\NLR\auth_crt\55606</subfield>
  </datafield>
  <datafield tag="607" ind1=" " ind2=" ">
    <subfield code="a">&#x42E;&#x436;&#x43D;&#x43E;-&#x421;&#x430;&#x445;&#x430;&#x43B;&#x438;&#x43D;&#x441;&#x43A;, &#x433;&#x43E;&#x440;&#x43E;&#x434; (&#x421;&#x430;&#x445;&#x430;&#x43B;&#x438;&#x43D;&#x441;&#x43A;&#x430;&#x44F; &#x43E;&#x431;&#x43B;&#x430;&#x441;&#x442;&#x44C;)</subfield>
    <subfield code="9">1613269</subfield>
    <subfield code="3">RU\NLR\AUTH\661009489</subfield>
  </datafield>
  <datafield tag="607" ind1=" " ind2=" ">
    <subfield code="a">&#x421;&#x430;&#x445;&#x430;&#x43B;&#x438;&#x43D;&#x441;&#x43A;&#x430;&#x44F; &#x43E;&#x431;&#x43B;&#x430;&#x441;&#x442;&#x44C;</subfield>
    <subfield code="9">1398358</subfield>
    <subfield code="3">RU\NLR\AUTH\66275635</subfield>
  </datafield>
  <datafield tag="608" ind1=" " ind2=" ">
    <subfield code="a">&#x41F;&#x43B;&#x430;&#x43D;&#x44B; &#x433;&#x43E;&#x440;&#x43E;&#x434;&#x43E;&#x432;</subfield>
    <subfield code="9">1238803</subfield>
    <subfield code="3">RU\NLR\AUTH\66188402</subfield>
  </datafield>
  <datafield tag="702" ind1=" " ind2="1">
    <subfield code="a">&#x41A;&#x43E;&#x441;&#x438;&#x43D;&#x43E;&#x432;</subfield>
    <subfield code="b">&#x41E;.&#x410;.</subfield>
    <subfield code="4">340</subfield>
  </datafield>
  <datafield tag="852" ind1=" " ind2=" ">
    <subfield code="a">NLR</subfield>
    <subfield code="b">&#x41A;</subfield>
    <subfield code="j">4-&#x41F;&#x43B;&#x430;&#x43D; 2/3052</subfield>
    <subfield code="m">25-10</subfield>
  </datafield>
  <datafield tag="942" ind1=" " ind2=" ">
    <subfield code="c">MAP</subfield>
  </datafield>
  <datafield tag="980" ind1=" " ind2=" ">
    <subfield code="a">NB</subfield>
  </datafield>
</record>
